Países separados de Alemania por un país - Muerte Súbita - Estadísticas

Estadísticas generales
  • Esta prueba ha sido intentada 65 veces
    46 desde el último reinicio
  • La puntuación promedio es 4 de 11
Answers on the Grid
Answers color-coded by a green-red scale on the quiz's grid according to % correct below.
Dinamarca
Rusia
Italia
Hungría
Bélgica
Suecia
Ucrania
Eslovenia
Suiza
Andorra
Eslovaquia
Mónaco
Reino Unido
Ciudad del Vaticano
Austria
Lituania
Portugal
Moldavia
Croacia
Bielorrusia
Luxemburgo
Letonia
Liechtenstein
Noruega
 
Estadísticas de respuestas
Respuesta % Correcto
Italia
59%
Rusia
59%
Hungría
55%
Andorra
45%
Ucrania
41%
Mónaco
36%
Eslovenia
32%
Lituania
32%
Eslovaquia
27%
Bielorrusia
23%
Liechtenstein
18%
No se encontraron pruebas coincidentes
Distribución de puntuación
Porcentaje de gente con cada puntuación
Porcentaje por número respondido
Historial de tus puntuaciones
No has intentado esta prueba desde el último reinicio